<?xml version="1.0" encoding="UTF-8"?>
<record
    xmlns:xsi="http://www.w3.org/2001/XMLSchema-instance"
    xsi:schemaLocation="http://www.loc.gov/MARC21/slim http://www.loc.gov/standards/marcxml/schema/MARC21slim.xsd"
    xmlns="http://www.loc.gov/MARC21/slim">

  <leader>00571nam a2200205Ia 4500</leader>
  <controlfield tag="008">230125s9999    xx            000 0 und d</controlfield>
  <datafield tag="020" ind1=" " ind2=" ">
    <subfield code="a">93-5134-006-6</subfield>
  </datafield>
  <datafield tag="041" ind1=" " ind2=" ">
    <subfield code="a">eng</subfield>
  </datafield>
  <datafield tag="082" ind1=" " ind2=" ">
    <subfield code="a">658.45</subfield>
    <subfield code="b">LES/FLA</subfield>
  </datafield>
  <datafield tag="100" ind1=" " ind2=" ">
    <subfield code="a">Lesikar R V</subfield>
    <subfield code="9">108027</subfield>
  </datafield>
  <datafield tag="245" ind1=" " ind2=" ">
    <subfield code="a">Business Communication</subfield>
    <subfield code="b">Making Connections in a Digital World</subfield>
  </datafield>
  <datafield tag="250" ind1=" " ind2=" ">
    <subfield code="a">1st Ed.</subfield>
  </datafield>
  <datafield tag="260" ind1=" " ind2=" ">
    <subfield code="c">2013</subfield>
    <subfield code="b">Tata McGraw Hill</subfield>
    <subfield code="a">New Delhi</subfield>
  </datafield>
  <datafield tag="300" ind1=" " ind2=" ">
    <subfield code="a">737p</subfield>
  </datafield>
  <datafield tag="500" ind1=" " ind2=" ">
    <subfield code="a">Business Communication</subfield>
  </datafield>
  <datafield tag="650" ind1=" " ind2=" ">
    <subfield code="a">Communication</subfield>
  </datafield>
  <datafield tag="700" ind1=" " ind2=" ">
    <subfield code="a">Lesikar R V &amp; Flatley M E</subfield>
    <subfield code="9">108028</subfield>
  </datafield>
  <datafield tag="906" ind1=" " ind2=" ">
    <subfield code="b">130</subfield>
  </datafield>
  <datafield tag="999" ind1=" " ind2=" ">
    <subfield code="c">84848</subfield>
    <subfield code="d">84848</subfield>
  </datafield>
  <datafield tag="952" ind1=" " ind2=" ">
    <subfield code="0">0</subfield>
    <subfield code="1">0</subfield>
    <subfield code="4">0</subfield>
    <subfield code="7">0</subfield>
    <subfield code="a">HIMR</subfield>
    <subfield code="b">HIMR</subfield>
    <subfield code="d">2014-03-24</subfield>
    <subfield code="e">Pritam Book Centre</subfield>
    <subfield code="g">650.00</subfield>
    <subfield code="i">8916</subfield>
    <subfield code="l">0</subfield>
    <subfield code="o">658.45 LES/FLA B12626</subfield>
    <subfield code="p">HIMR-BK-12626</subfield>
    <subfield code="r">2023-01-25 00:00:00</subfield>
    <subfield code="v">520.00</subfield>
    <subfield code="w">2014-03-24</subfield>
    <subfield code="y">BK</subfield>
    <subfield code="z">B12626</subfield>
  </datafield>
  <datafield tag="952" ind1=" " ind2=" ">
    <subfield code="0">0</subfield>
    <subfield code="1">0</subfield>
    <subfield code="4">0</subfield>
    <subfield code="7">0</subfield>
    <subfield code="a">HIMR</subfield>
    <subfield code="b">HIMR</subfield>
    <subfield code="d">2009-09-07</subfield>
    <subfield code="e">Forward Books</subfield>
    <subfield code="g">465.00</subfield>
    <subfield code="i">2902</subfield>
    <subfield code="l">0</subfield>
    <subfield code="o">658.45 LES/FLA B07471</subfield>
    <subfield code="p">HIMR-BK-7471</subfield>
    <subfield code="r">2023-01-25 00:00:00</subfield>
    <subfield code="v">363.00</subfield>
    <subfield code="w">2009-08-27</subfield>
    <subfield code="y">BK</subfield>
    <subfield code="z">B07471</subfield>
  </datafield>
  <datafield tag="952" ind1=" " ind2=" ">
    <subfield code="0">0</subfield>
    <subfield code="1">0</subfield>
    <subfield code="4">0</subfield>
    <subfield code="7">0</subfield>
    <subfield code="a">HIMR</subfield>
    <subfield code="b">HIMR</subfield>
    <subfield code="d">2009-09-07</subfield>
    <subfield code="e">Forward Books</subfield>
    <subfield code="g">465.00</subfield>
    <subfield code="i">2902</subfield>
    <subfield code="l">0</subfield>
    <subfield code="o">658.45 LES/FLA B07472</subfield>
    <subfield code="p">HIMR-BK-7472</subfield>
    <subfield code="r">2023-01-25 00:00:00</subfield>
    <subfield code="v">363.00</subfield>
    <subfield code="w">2009-08-27</subfield>
    <subfield code="y">BK</subfield>
    <subfield code="z">B07472</subfield>
  </datafield>
  <datafield tag="952" ind1=" " ind2=" ">
    <subfield code="0">0</subfield>
    <subfield code="1">0</subfield>
    <subfield code="2">ddc</subfield>
    <subfield code="4">0</subfield>
    <subfield code="7">3</subfield>
    <subfield code="a">HIMR</subfield>
    <subfield code="b">HIMR</subfield>
    <subfield code="c">GEN</subfield>
    <subfield code="d">2009-09-07</subfield>
    <subfield code="e">Forward Books</subfield>
    <subfield code="g">465.00</subfield>
    <subfield code="i">2902</subfield>
    <subfield code="o">658.45 LES/FLA B07473</subfield>
    <subfield code="p">HIMR-BK-7473</subfield>
    <subfield code="r">2023-01-25 00:00:00</subfield>
    <subfield code="v">363.00</subfield>
    <subfield code="w">2009-08-27</subfield>
    <subfield code="y">BK</subfield>
    <subfield code="z">B07473</subfield>
  </datafield>
</record>
